<?xml version="1.0" encoding="UTF-8"?>
<collection xmlns="http://www.loc.gov/MARC21/slim">
 <record>
  <leader>01378nam a2200205Ia 4500</leader>
  <controlfield tag="001">CTU_29446</controlfield>
  <controlfield tag="008">210402s9999    xx            000 0 und d</controlfield>
  <datafield tag="082" ind1=" " ind2=" ">
   <subfield code="a">636</subfield>
  </datafield>
  <datafield tag="082" ind1=" " ind2=" ">
   <subfield code="b">S464tr</subfield>
  </datafield>
  <datafield tag="088" ind1=" " ind2=" ">
   <subfield code="a">60620105</subfield>
  </datafield>
  <datafield tag="100" ind1=" " ind2=" ">
   <subfield code="a">Trương Chí Sơn</subfield>
  </datafield>
  <datafield tag="245" ind1=" " ind2="0">
   <subfield code="a">So sánh hiệu quả của một số chế phẩm bổ sung nhằm tăng năng suất sinh trưởng của heo con từ 7 đến 60 ngày tuổi (Luận án Thạc sĩ Khoa học Nông nghiệp, chuyên ngành Chăn nuôi động vật nông nghiệp)</subfield>
  </datafield>
  <datafield tag="245" ind1=" " ind2="0">
   <subfield code="c">Trương Chí Sơn</subfield>
  </datafield>
  <datafield tag="260" ind1=" " ind2=" ">
   <subfield code="a">Cần Thơ</subfield>
  </datafield>
  <datafield tag="260" ind1=" " ind2=" ">
   <subfield code="b">Trường Đại học Cần Thơ - Khoa Nông nghiệp</subfield>
  </datafield>
  <datafield tag="260" ind1=" " ind2=" ">
   <subfield code="c">1997</subfield>
  </datafield>
  <datafield tag="520" ind1=" " ind2=" ">
   <subfield code="a">Công trình thử nghiệm so sánh một số chế phẩm trên thị trường, đồng thời xác định thời điểm bổ sung chế phẩm giúp năng cao năng suất sinh trưởng của heo con, hạn chế bệnh tiêu chảy ở heo con và cải thiện tiêu hóa ở heo con nhất là trong giai đoạn cai sữa (33 đến 60 ngày tuổi)</subfield>
  </datafield>
  <datafield tag="650" ind1=" " ind2=" ">
   <subfield code="a">swine - breeding,swine - feeding and feeds,swine - virus deseases,veterinary medicine,veterinary parasitology</subfield>
  </datafield>
  <datafield tag="904" ind1=" " ind2=" ">
   <subfield code="i">Minh, 990405</subfield>
  </datafield>
  <datafield tag="980" ind1=" " ind2=" ">
   <subfield code="a">Trung tâm Học liệu Trường Đại học Cần Thơ</subfield>
  </datafield>
 </record>
</collection>
